000 00715nam a22001817a 4500
003 UA-OsUOA
001 14789
007 ta
008 20031019b un ||||| |||| 00| 0 ukr d
100 _aГерус В.
942 _cSA
040 _aUA-OsUOA
_cUA-OsUOA
_dUA-OsUOA
245 _aТепло від "Еко Терму" зігріє вашу оселю навіть у найлютіші морози
_b[Рівнен. фірма "Еко Терм" спеціалізується на випуску утеплювачів для будівел. галузі]
300 _aС.4
955 _a0
773 0 _w0
_tСім днів
_dРівне
_d2003
_g№38/19 верес./
650 7 _aЕко Терм
_2UDC
999 _c300953
_d300953